Los amiguetes del pequeño Nicolás

Guardado en:
Detalles Bibliográficos
Autor principal: Goscinny, René (Autor)
Formato: Libro
Lenguaje:español
Publicado: Bogotá Santillana 1996
Edición:1a. ed
Materias:
Etiquetas: Agregar Etiqueta
Sin Etiquetas, Sea el primero en etiquetar este registro!

MARC

LEADER 00000nam a2200000 a 4500
001 UCH6395
003 CL-VaPUC
008 091109e19960000CK |||||||||||||||||spa|d
020 |a 9582401036 
082 0 4 |a 808.0683  |b GOS  |2 21 
100 |a Goscinny, René  |e author  |9 553499 
245 1 4 |a Los amiguetes del pequeño Nicolás 
250 |a 1a. ed 
300 |a 118 p 
942 |c BK 
945 |d 20091109 00:00:00  |a lazolas 
260 |a Bogotá  |b Santillana  |c 1996 
500 |a desde 10 años 
650 0 |a Cuentos infantiles franceses  |9 268185 
650 7 |a LITERATURA INFANTIL FRANCESA  |2 CL-VaPUC  |9 330293 
650 0 |a Literatura infantil   |9 307465 
583 |a last modification  |c 20160614 10:18:53  |k Rodrigo Vera 
999 |c 337297  |d 337295